Linear Circuit Analysis : Time Domain,Phasor,& Laplace Transform Approaches (Record no. 1206)

MARC details
000 -LEADER
Fixed length control field 00526nam a2200181 4500
003 - CONTROL NUMBER IDENTIFIER
Control field SEACOMEC
005 - DATE AND TIME OF LATEST TRANSACTION
Control field 20240524111246.0
008 - FIXED-LENGTH DATA ELEMENTS--GENERAL INFORMATION
Fixed length control field 240524b |||||||| |||| 00| 0 eng d
020 ## - INTERNATIONAL STANDARD BOOK NUMBER / ISBN
International Standard Book Number 0195667506.
Price Rs.410.00
040 ## - CATALOGING SOURCE
Original cataloging agency SEACOMEC
082 ## - DEWEY DECIMAL CLASSIFICATION NUMBER
Classification number 621.31921
Book Number D291
100 ## - MAIN ENTRY--PERSONAL NAME
Personal name Decarlo, R A .
245 1# - TITLE STATEMENT
Title Linear Circuit Analysis : Time Domain,Phasor,& Laplace Transform Approaches
Statement of responsibility Decarlo, R A
250 ## - EDITION STATEMENT
Edition statement 2nd ed.
260 ## - IMPRINT
Place of publication New Delhi
Name of publisher Oxford University Press
Date of publication 2001
650 ## - SUBJECT ADDED ENTRY--TOPICAL TERM
Topical term Electronic
942 ## - ADDED ENTRY ELEMENTS (KOHA)
Koha item type Books
Holdings
Withdrawn status Lost status Source of classification Damaged status Not for loan Home library Current library Date acquired Total Checkouts Call number Accession number Date last seen Price effective from Koha item type Copy number
    Dewey Decimal Classification     SEACOM ENGINEERING COLLEGE SEACOM ENGINEERING COLLEGE 24/01/2008   621.31921 D291 9329 24/05/2024 24/05/2024 Books  
    Dewey Decimal Classification     SEACOM ENGINEERING COLLEGE SEACOM ENGINEERING COLLEGE 24/01/2008   621.31921 D291 9330 24/05/2024 24/05/2024 Books 1
© Seacom Engineering College, All rights reserved.      Powered by Koha